Statistiques concernant L'année 2019 - Quiz

Cliquez ici pour prendre le quiz!

Statistiques générales

  • Ce quiz a été pris 403 fois
    (314 depuis la dernière actualisation)
  • Le résultat moyen est 7 sur 14

Statistiques - réponses

IndiceRéponse% Correct
Cette cathédrale a pris feu à ParisNotre Dame
100%
Des grèves ont commencé le 5 décembre en France contre la réforme des [...]Retraites
87%
Mot de l'année selon le Petit Robert, désigne le meurtre d'une femme parce qu'elle est une femmeFéminicide
82%
Les sud-africains ont remporté la coupe du monde de ce sport pour la troisième foisRugby
81%
Plus d'un million de personnes ont manifesté dans les rues de cette ville contre le gouvernement chinoisHong Kong
57%
Ce constructeur aérien a du cloué au sol certains de ses avions à cause de deux crash cette annéeBoeing
56%
Le "final" de cette série a battu les records d'audienceGame of Thrones
53%
Cette jeune fille a été désigné "personnalité de l'année" par le TimeGreta Thunberg
53%
Des démocrates américains ont lancé cette procédure contre Donald TrumpDestitution
41%
Ce film a détrôné Avatar en haut du classement des plus gros succès du Box-OfficeAvengers: Endgame
39%
Des astronomes ont pris pour la première fois une photo de cet objetTrou noir
37%
Les manifestations dans ce pays ont poussé son dirigeant, au pouvoir depuis 1999, à démissionnerAlgérie
22%
L'augmentation du tarifs des transports en commun a déclenché des manifestations empêchant la COP25 de se dérouler dans cette villeSantiago
5%
Cet homme c'est autoproclamé dirigeant du VenezuelaJuan Guaidò
4%

Distribution des résultats

Percentile par nombre de réponses

% des personnes avec chaque résultat

Votre développement - résultats

Vous n’avez pas pris ce quiz depuis la dernière actualisation